[Event "Catalunya-chT"]
[Site "Spain"]
[Date "1999.??.??"]
[Round "7"]
[White "Piqueres Pla, Enric"]
[Black "Delis Ramos, Francisco Manel"]
[Result "1-0"]
[WhiteElo "2265"]
[BlackElo "2170"]
[PlyCount "85"]
[EventDate "1999.??.??"]
[EventType "team"]
[EventRounds "9"]
[EventCountry "ESP"]
[SourceTitle "EXT 2000"]
[Source "ChessBase"]
[SourceDate "1999.11.16"]
[SourceVersion "1"]
[SourceVersionDate "1999.11.16"]
[SourceQuality "1"]

1. d4 Nf6 2. c4 e6 3. Nf3 Bb4+ 4. Bd2 a5 5. g3 b6 6. Bg2 Bb7 7. 0-0 0-0 8. Nc3 Ne4 9. Qc2 f5 10. Ne1 Nxd2 11. Qxd2 Bxg2 12. Nxg2 Qf6 13. Rad1 Nc6 14. Qd3 Bxc3 15. Qxc3 Rad8 16. Rd2 e5 17. d5 Ne7 18. c5 d6 19. cxb6 cxb6 20. Qb3 Rb8 21. Rc2 f4 22. gxf4 exf4 23. Rc4 f3 24. exf3 Qxf3 25. Qxf3 Rxf3 26. Ne3 Nf5 27. Rc6 Nxe3 28. fxe3 Rxe3 29. Rxd6 Re2 30. Rf2 Rxf2 31. Kxf2 Kf7 32. Kf3 Ke7 33. Re6+ Kf7 34. Ke4 b5 35. Ke5 Rc8 36. Rb6 b4 37. Rb7+ Kg6 38. d6 Rc2 39. d7 Re2+ 40. Kd6 Rd2+ 41. Kc7 Rc2+ 42. Kb8 Rd2 43. Kc8 1-0

[Event "Catalunya-chT"]
[Site "Spain"]
[Date "1999.??.??"]
[Round "1"]
[White "Piqueres Pla, Enric"]
[Black "Picanol Alemany, Antonio"]
[Result "1/2-1/2"]
[WhiteElo "2265"]
[BlackElo "2345"]
[PlyCount "77"]
[EventDate "1999.??.??"]
[EventType "team"]
[EventRounds "9"]
[EventCountry "ESP"]
[SourceTitle "EXT 2000"]
[Source "ChessBase"]
[SourceDate "1999.11.16"]
[SourceVersion "1"]
[SourceVersionDate "1999.11.16"]
[SourceQuality "1"]

1. d4 Nf6 2. c4 c5 3. d5 b5 4. cxb5 a6 5. bxa6 Bxa6 6. Nc3 d6 7. Nf3 g6 8. Nd2 Bg7 9. e4 Bxf1 10. Nxf1 Qa5 11. Bd2 Nbd7 12. Ne3 Qa6 13. Qe2 0-0 14. Qxa6 Rxa6 15. Kd1 Nb6 16. Kc2 Nfd7 17. f3 Rb8 18. Rhb1 Ne5 19. b3 Rba8 20. f4 Ned7 21. a4 Bd4 22. Ra2 f5 23. exf5 Bxe3 24. Bxe3 gxf5 25. Raa1 Nf6 26. Rd1 Kf7 27. Rd2 c4 28. Bxb6 cxb3+ 29. Kxb3 Rxb6+ 30. Kc2 Rc8 31. Rd3 Rb4 32. g3 Ne4 33. a5 Nc5 34. Re3 Na4 35. Ra2 Rbc4 36. Ra3 Rb4 37. Ra2 Rbc4 38. Ra3 Rb4 39. Ra2 1/2-1/2